Common Blue Things - Statistics

General Stats
  • This quiz has been taken 58 times
  • The average score is 8 of 12
Answer Stats
Picture Answer % Correct
Sky
100%
Water
100%
Eye
96%
Butterfly
85%
Shark
83%
Balloon
79%
Blueberries
72%
Neptune
68%
Bluey
60%
Lapis
28%
Robin Eggs
28%
poison dart frog
23%
No matching quizzes found
Score Distribution
Percent of People with Each Score
Percentile by Number Answered
Your Score History
You have not taken this quiz